LDR 00614naa#a2200169#i#450# 001 EN\FGKOU VO SPBU MVD ROSSII\bibl\125838 005 20260702003223.4 011 ## _a2071-8284 100 ## _a20260630b2026####ek#y0engy0150####ca 101 0# _aRUS 102 ## _aRU 200 1# _aVandalism: the evolution of the concept and issues of criminal classification in the 21st century _eJournal article 210 1# _aSt. Petersburg _cSAINT-PETERSBURG UNIVERSITY OF THE MINISTRY OF INTERNAL AFFAIRS OF THE RUSSIAN FEDERATION _d2026 215 ## _a8 с. 608 ## _aJournal article _2local 700 #1 _aChudinova _gMariya Sergeevna 856 4# _aepinb.ru _u